000 05176cam a22019214i 4500
003 PE-LiUPU
005 20250813165343.0
008 140123s2012 pe a rb 000 0 spa d
020 _a6123040669
_q(tomo I)
020 _a6123040677
_q(tomo II)
020 _a9786123040666
_q(tomo I)
020 _a9786123040673
_q(tomo II)
035 _a(Sirsi) i9786123040666
040 _aXVF
_bspa
_cXVF
_dOCLCF
_dCKJAV
049 _aPRUA
050 4 _aTH437
_b.I23 2012
082 0 4 _a627
_bI23
_222
100 1 _aIbañez, Walter,
_eautor.
245 1 0 _aManual de costos y presupuestos de obras hidráulicas y de saneamiento /
_cWalter Ibañez.
250 _aPrimera edición.
264 1 _aLima, Perú :
_bMacro,
_c2012.
300 _a2 volúmenes :
_bilustraciones ;
_c25 centímetros.
336 _atext
_2rdacontent
337 _aunmediated
_2rdamedia
338 _avolume
_2rdacarrier
490 0 _aIngeniería y gestión.
504 _aBibliografía : página [1399] (tomo II)
504 _aBibliografía : página [767] (tomo I).
505 0 _gTomo 1,
_tCanales -- Introducción al manual -- Expediente técnico y estudios básicos -- Costos directos: insumos -- Costos indirectos -- Rendimientos estándar -- Obras hidráulicas -- Obras de saneamiento.
505 0 _gTomo 2,
_tAgua y desagüe -- Obras de saneamiento -- Fórmulas de reajuste -- Programación de obra.
526 _aP203
526 _aP200
526 _aSEG65
526 _aSEG64
526 _aSEG63
526 _aSEG62
526 _aSEG61
526 _aSEG60
526 _aSEG59
526 _aSEG58
526 _aSEG57
526 _aSEG56
526 _aSEG55
526 _aSEG54
526 _aSEG53
526 _aSEG52
526 _aSEG51
526 _aSEG50
526 _aSEG49
526 _aSEG48
526 _aSEG47
526 _aSEG46
526 _aSEG24
526 _aSEG23
526 _aSEG22
526 _aSEG21
526 _aSEG20
526 _aSEG19
526 _aSEG18
526 _aSEG17
526 _aSEG16
526 _aSEG14
526 _aSEG13
526 _aSEG12
526 _aSEG11
526 _aSEG10
526 _aSEG09
526 _aSEG06
526 _aSEG05
526 _aSEG04
526 _aSEG03
526 _aSEG02
526 _aSEG68
526 _aSEG66
526 _aSEG45
526 _aSEG25
526 _aSEG01
526 _aP163
526 _aP162
526 _aP161
526 _aP160
526 _aP159
526 _aP158
526 _aP157
526 _aP156
526 _aP155
526 _aP154
526 _aP153
526 _aP152
526 _aP151
526 _aP150
526 _aP149
526 _aP142
526 _aP141
526 _aP140
526 _aP139
526 _aP138
526 _aP137
526 _aP132
526 _aP131
526 _aP130
526 _aP126
526 _aP125
526 _aP124
526 _aP123
526 _aP115
526 _aP122
526 _aP121
526 _aP116
526 _a P114
526 _aP112
526 _aP111
526 _aP104
526 _aP103
526 _aP102
526 _aP101
526 _aP100
526 _aP96
526 _aP95
526 _aP93
526 _aP92
526 _aP91
526 _aP88
526 _aP83
526 _aP82
526 _aP79
526 _aP78
526 _aP75
526 _aP74
526 _aP71
526 _aP69
526 _a P51
526 _aP49
526 _aP48
526 _aP47
526 _aP33
526 _aP31
526 _a P30
526 _aP29
526 _aP27
526 _aP26
526 _aP25
526 _aP24
526 _a P22
526 _aP10
526 _aP09
526 _a P08
526 _aP06
526 _aP05
526 _aP04
526 _aP01
650 4 _aConstrucción
_xPresupuestos.
_94651
942 _2ddc
_cBOOK
949 _a627 I23 1
_wDEWEY
_c1
_i73545
_lCCODEBUL1
_mBUL
_p56.00
_r0
_sY
_tBOOK
_u2016-6-14
_xINGENIERIA
_PP06
_0COMPRA
_o.STAFF. Colección General
949 _a627 I23 2
_wDEWEY
_c1
_i73546
_lCCODEBUL1
_mBUL
_p56.00
_r0
_sY
_tBOOK
_u2016-6-14
_xINGENIERIA
_PP06
_0COMPRA
_o.STAFF. Colección General
949 _a627 I23 T1 2012
_wDEWEY
_c1
_iFJ06732
_lCCODEBUJ1
_mBUJ
_p21.34
_r0
_sY
_tBOOK
_u2017-10-10
_xINGENIERIA
_PP25
_0COMPRA
_o.STAFF -- Colección General Juliaca
596 _a1 3
999 _a627 I23 1
_wDEWEY
_c9948
_i73545
_d9948
_f2021-11-9
_g6
_lCCODEBUL1
_mBUL
_p56.00
_q2
_r0
_sY
_tBOOK
_u2016-6-14
_xINGENIERIA
_PP06
_0COMPRA
_o.STAFF. Colección General
999 _a627 I23 2
_wDEWEY
_c1
_i73546
_d2018-8-7
_e2017-4-2
_f2021-11-9
_g6
_lCCODEBUL1
_mBUL
_n1
_p56.00
_q1
_r0
_sY
_tBOOK
_u2016-6-14
_xINGENIERIA
_PP06
_0COMPRA
_o.STAFF. Colección General
999 _a627 I23 T1 2012
_wDEWEY
_c1
_iFJ06732
_d2019-10-10
_e2017-3-16
_f2022-1-26
_g4
_lCCODEBUJ1
_mBUJ
_n1
_p21.34
_q16
_r0
_sY
_tBOOK
_u2017-2-13
_xINGENIERIA
_PP25
_0COMPRA
_o.STAFF. Colección General Juliaca
980 _81
_gALBERTO SANCHEZ Responsable de Automatización